书目信息 |
| 题名: |
图书馆权利与道德
|
|
| 作者: | 程焕文 编译 ;张靖 编译 | |
| 分册: | 上 | |
| 出版信息: | 桂林 广西师范大学出版社 2007 |
|
| 页数: | 310页 | |
| 开本: | 25cm | |
| 丛书名: | ||
| 单 册: | ||
| 中图分类: | G251.6 | |
| 科图分类: | ||
| 主题词: | 图书馆员--tu shu guan yuan--权利--文献 , 图书馆员--tu shu guan yuan--职业道德--文献 | |
| 电子资源: | ||
| ISBN: | 978-7-5633-6885-3 | |
| 000 | 01089nam0 2200301 450 | |
| 001 | 354723 | |
| 005 | 20080220182041.0 | |
| 010 | @a978-7-5633-6885-3@dCNY84.00 | |
| 100 | @a20080213d2007 emky0chiy0110 ea | |
| 101 | 1 | @achi@aeng@ceng |
| 102 | @aCN@b450000 | |
| 105 | @ay z 001yy | |
| 106 | @ar | |
| 200 | 1 | @a图书馆权利与道德@Atu shu guan quan li yu dao de@h上@f程焕文, 张靖编译 |
| 210 | @a桂林@c广西师范大学出版社@d2007 | |
| 215 | @a310页@d25cm | |
| 300 | @a国家社会科学基金资助项目 图书馆权利研究成果之一 | |
| 310 | @a全套2册,总定价CNY168.00 | |
| 312 | @a英文题名为:Rights and professional ethics of library | |
| 330 | @a本书分六个部分比较系统和全面地收录了国际组织和世界各国颁布与实施的有关国书馆权利与职业道德的政策文献。 | |
| 510 | 1 | @aRights and professional ethics of library@zeng |
| 606 | 0 | @a图书馆员@Atu shu guan yuan@x权利@x文献 |
| 606 | 0 | @a图书馆员@Atu shu guan yuan@x职业道德@x文献 |
| 690 | @aG251.6@v4 | |
| 701 | 0 | @a程焕文@Acheng huan wen@4编译 |
| 702 | 0 | @a张靖@Azhang jing@4编译 |
| 801 | 0 | @aCN@b@c20080213 |
| 905 | @b673598@dG251.6@eC740@f1 | |
| 图书馆权利与道德.上/程焕文, 张靖编译.-桂林:广西师范大学出版社,2007 |
| 310页;25cm |
| 国家社会科学基金资助项目 图书馆权利研究成果之一 |
| ISBN 978-7-5633-6885-3:CNY84.00 |
| 本书分六个部分比较系统和全面地收录了国际组织和世界各国颁布与实施的有关国书馆权利与职业道德的政策文献。 |
| ● |
| 相关链接 |
|
|
|
正题名:图书馆权利与道德
索取号:G251.6/C740
 
预约/预借
| 序号 | 登录号 | 条形码 | 馆藏地/架位号 | 状态 | 备注 |
| 1 | 673598 | 206735988 | 社科库409/409社科库 59排2列2层/ [索取号:G251.6/C740] | 在馆 |